| 000 | 01089nas a2200361 4500 | ||
|---|---|---|---|
| 001 | BR2018000902 | ||
| 003 | BR-BrBNA | ||
| 005 | 20231205131318.0 | ||
| 007 | ta | ||
| 008 | 230509b bl.|||p| |||| 00| 00por d | ||
| 040 |
_aBR-BrBNA _bpor _cBiblioteca Nacional de Agricultura |
||
| 041 | _a(En) | ||
| 072 | _aK10 | ||
| 100 | 1 | _aFagundes, N.C.A. | |
| 100 | 1 | _aBraga, L. de L. | |
| 100 | 1 | _aSilva, W.A. | |
| 100 | 1 | _aCoutinho, C.A. | |
| 100 | 1 | _aNeves, W.V. | |
| 100 | 1 | _aSouza, R.A. de | |
| 100 | 1 | _aVeloso, M. das D.M. | |
| 100 | 1 | _aNunes, Y.R.F. | |
| 245 | 1 | _aSurvival of saplings in recovery of riparian vegetation of Pandeiros River (MG) | |
| 650 | _aMATA CILIAR | ||
| 650 | _aESPÉCIE NATIVA | ||
| 650 | _aMUDA | ||
| 650 | _aREGENERAÇÃO | ||
| 650 | _aPLANTIO DIRETO | ||
| 650 | _aMINAS GERAIS | ||
| 773 | 0 |
_tFloresta e Ambiente (Brazil) _xISSN 2179-8087 _g(2018), v. 25(2) p. 1-11 _wBR2018000902 |
|
| 856 | 4 | 0 | _uhttp://www.scielo.br/pdf/floram/v25n2/2179-8087-floram-25-2-e20150212.pdf |
| 909 |
_a202311 _bLúcia _c55 _dLúcia Elande |
||
| 942 |
_2AGRIS _n0 _cANA |
||
| 999 |
_c254125 _d254125 |
||